| 000 | 00747 a2200229 4500 | ||
|---|---|---|---|
| 999 |
_c4146 _d4146 |
||
| 020 | _a9780072862331 | ||
| 050 | 0 | 0 | _aN 7430 OCV 2001 |
| 100 |
_aOcvirk, Otto G. _eauthor |
||
| 245 | 0 | 0 |
_aArt fundamentals : _btheory and practice / _cOtto G. Ocvirk ... [et al.]. |
| 250 | _a10th ed. | ||
| 264 |
_aNew York: _bMc Graw-Hill, _c2001 |
||
| 300 |
_axiv, 354 p. : _bill.(col.) |
||
| 500 | _aIncludes bibliographical references and index. | ||
| 504 | _ancludes bibliographical references and index. | ||
| 650 | 0 |
_aArt _xTechnique. |
|
| 650 | 0 | _aArt. | |
| 700 | 1 |
_aStinson, Robert E _eauthor |
|
| 700 | 1 |
_aWigg, Philip R. _eauthor |
|
| 700 | 1 |
_aBone, Robert O. _eauthor |
|
| 700 | 1 |
_aCayton, David L. _eauthor |
|
| 942 |
_2lcc _cBK _e10th ed. _h7430 _iOCV _kN |
||